000 00888nam a2200229Ia 4500
008 130821s2008 fr a gr fre
020 _a978 2 86364 624 3
040 _aCo-BoUCM
_bspa
041 0 0 _afre
245 0 2 _aL'espace urbain en méthodes
_cdirección de Michèle Grosjean, Jean-Paul Thibaud
260 _aMarsella (Provenza, Francia)
_bParenthèses
_c2008
300 _a214 páginas
_bilustraciones, gráficas
490 0 _aCollection Eupalinos.
_aSérie Architecture et urbanisme,
504 _aIncluye referencias bibliográficas e índice.
650 _aCiudades y pueblos
_xInvestigaciones
_910961
650 _aSociología
_9386
650 _aUrbanismo
_xInvestigaciones
_98216
700 1 _aGrosjean, Michèle
_d1946-
_edir.
_9169037
700 1 _aThibaud, Jean-Paul
_edir.
_9169038
942 _cLIBRO
_a5
_e1
_mE771
_2DEWEY
_h307.76
999 _c75001
_d75001